000 00504nam a2200145Ia 4500
008 180921t xxu||||| ||||o00| 0 eng d
041 _aeng
080 _aThe Ordinances Of Ceylon 1942
245 _aordinance No.7 of 1942. L.D.CF 22/38 An ordinance To Amend The Defence Force ordinance.[ Date of Governor's Assent : March 3,1942.] 27,1942.] [Date of Commencement : March 3,1942.]
300 _a23 cm
650 _aDefence Force
942 _cBK
999 _c50376
_d50376
003 LK-CoDNM
040 _aLK-CoDNM
_dLK-CoDNM
_eLK-CoDNM